000 00953nam a2200217Ia 4500
003 Ost
005 20260507075738.0
008 260507s9999||||xx |||||||||||||| ||und||
020 _a9957400991
040 _cfsecg
041 _aara
082 _a300
100 _aالسعدي، عباس فاضل
_eمؤلف
245 0 _aأساسيات الجغرافية البشرية /
_c عباس فاضل السعدي
260 _aعمان:
_bمؤسسة الوراق,
_c2002
300 _a474 صفحة؛
_bإيضاحات ؛
_c24 سم
504 _aمصادر باللغة العربية ص.453؛ مصادر بالغة الإنكليزية ص.467 يوجد نفس الكتاب برقم أ/1788
520 _aالجغرافية البشرية ومدارسها،الإنسان،الإنسان والبيئة الطبيعية،الاقتصاد البشري،الاستيطان البشري
653 _aالجغرافيا البشرية
942 _cكتاب
999 _c46117
_d46117